000 01124nam a2200277 i 4500
001 bg
245 0 0 _aInstrukcja służbowa i eksploatacyjna dla personelu oczyszczalni ścieków :
_bwytyczna ATV-A 124P : zbiór reguł /
_cStowarzyszenia Techniki Ściekowej we współpr. z Komunalnym Związkiem Gospodarki Odpadami i Oczyszczania Miast ; [przekład na pol. M. Seidel, W. Przywecki].
250 _alistopad 1989.
260 _aHennef :
_bGFA,
_ccop.1989.
300 _a39 s. :
_brys. ;
_c30 cm.
490 1 _aNiemiecki Zbiór Reguł ATV. Ścieki - Odpady
500 _aVerso kart nie zadruk.
650 9 _aOczyszczalnia ścieków
_zNiemcy
655 _aInstrukcje
710 0 _aStowarzyszenie Techniki Ściekowej
710 0 _aKomunalny Związek Gospodarki Odpadami i Oczyszczania Miast
830 0 _aNiemiecki Zbiór Reguł ATV.
_pŚcieki - Odpady
020 _a3393693136
040 _cBPK
041 _apol
080 _a628.3-057.16(430)(083.133)
920 _a3-393693-13-6
942 _cKA
008 s pl f |000 0 pol
999 _c24321
_d24321
856 _uhttp://koha.tu.koszalin.pl/cgi-bin/koha/opac-detail.pl?biblionumber=24321
_yKatalog online BPK